[Event "Bundesliga 9495"]
[Site "Deutschland"]
[Date "1994.??.??"]
[Round "?.1"]
[White "Hracek, Zbynek"]
[Black "Hertneck, Gerald"]
[Result "1-0"]
[WhiteElo "2530"]
[BlackElo "2605"]
[PlyCount "33"]
[EventDate "1994.10.??"]
[EventType "team"]
[EventRounds "15"]
[EventCountry "GER"]
[SourceTitle "Bundesliga 9495"]
[Source "DeepChess"]
[SourceDate "2005.01.01"]
[SourceVersion "1"]
[SourceVersionDate "2005.01.01"]
[SourceQuality "1"]
[WhiteTeam "SAbt SV Werder Bremen"]
[BlackTeam "Muenchener SC 1836 e.V."]
[WhiteTeamCountry "GER"]
[BlackTeamCountry "GER"]

1. e4 e6 2. d4 d5 3. Nd2 b6 4. Ngf3 Nf6 5. exd5 exd5 6. Ne5 Bb7 7. Bb5+ c6 8.
Qe2 Be7 9. Bd3 c5 10. Bb5+ Nfd7 11. dxc5 bxc5 12. Qg4 g6 13. O-O a6 14. Ba4 f5
15. Qe2 Kf8 16. Ndf3 Kg7 17. Bh6+ 1-0

[Event "Bundesliga 9495"]
[Site "Deutschland"]
[Date "1994.??.??"]
[Round "?.5"]
[White "Meins, Gerlef"]
[Black "Sandor, Christian"]
[Result "1-0"]
[WhiteElo "2440"]
[BlackElo "2365"]
[PlyCount "63"]
[EventDate "1994.10.??"]
[EventType "team"]
[EventRounds "15"]
[EventCountry "GER"]
[SourceTitle "Bundesliga 9495"]
[Source "DeepChess"]
[SourceDate "2005.01.01"]
[SourceVersion "1"]
[SourceVersionDate "2005.01.01"]
[SourceQuality "1"]
[WhiteTeam "SAbt SV Werder Bremen"]
[BlackTeam "Muenchener SC 1836 e.V."]
[WhiteTeamCountry "GER"]
[BlackTeamCountry "GER"]

1. d4 Nf6 2. c4 c5 3. d5 b5 4. cxb5 a6 5. Nc3 axb5 6. e4 b4 7. Nb5 d6 8. Bf4 g5
9. Bxg5 Nxe4 10. Bf4 Bg7 11. Qe2 Nf6 12. Nxd6+ Kf8 13. Nxc8 Qxc8 14. d6 exd6
15. Bxd6+ Kg8 16. Nf3 Qc6 17. Bxb8 Rxb8 18. Qc2 Re8+ 19. Be2 Qe4 20. Rc1 Nd5
21. Qxe4 Rxe4 22. Rxc5 Nf4 23. Rc8+ Bf8 24. Rc2 Nxg2+ 25. Kf1 Nf4 26. Rg1+ Ng6
27. h4 h5 28. Ng5 Rf4 29. Rc7 Bd6 30. Rxf7 Rxf7 31. Bc4 Kg7 32. Nxf7 1-0

[Event "Bundesliga 9495"]
[Site "Deutschland"]
[Date "1994.??.??"]
[Round "?.7"]
[White "Hedke, Fred"]
[Black "Geisler, Fabian"]
[Result "1/2-1/2"]
[WhiteElo "2350"]
[BlackElo "2305"]
[PlyCount "59"]
[EventDate "1994.10.??"]
[EventType "team"]
[EventRounds "15"]
[EventCountry "GER"]
[SourceTitle "Bundesliga 9495"]
[Source "DeepChess"]
[SourceDate "2005.01.01"]
[SourceVersion "1"]
[SourceVersionDate "2005.01.01"]
[SourceQuality "1"]
[WhiteTeam "SAbt SV Werder Bremen"]
[BlackTeam "Muenchener SC 1836 e.V."]
[WhiteTeamCountry "GER"]
[BlackTeamCountry "GER"]

1. e4 c5 2. c3 Nf6 3. e5 Nd5 4. d4 cxd4 5. Bc4 Qc7 6. Qe2 Nb6 7. Bd3 Nc6 8. Nf3
Nb4 9. Be4 d3 10. Bxd3 Nxd3+ 11. Qxd3 Qc4 12. Qxc4 Nxc4 13. b3 Nb6 14. c4 e6
15. Nc3 Bb4 16. Bd2 O-O 17. Ne4 Ba3 18. Bc3 d5 19. exd6 f5 20. Ned2 Bxd6 21.
Ne5 Nd7 22. Nxd7 Bxd7 23. Nf3 Bc6 24. Nd4 e5 25. Nxc6 bxc6 26. Rd1 Bc7 27. Ke2
Rfd8 28. b4 Kf7 29. a4 a6 30. f3 1/2-1/2

[Event "Bundesliga 9495"]
[Site "Deutschland"]
[Date "1994.??.??"]
[Round "?.8"]
[White "Steinbacher, Matthias"]
[Black "Wenzel, Reinhard"]
[Result "1-0"]
[WhiteElo "2380"]
[BlackElo "2165"]
[PlyCount "47"]
[EventDate "1994.10.??"]
[EventType "team"]
[EventRounds "15"]
[EventCountry "GER"]
[SourceTitle "Bundesliga 9495"]
[Source "DeepChess"]
[SourceDate "2005.01.01"]
[SourceVersion "1"]
[SourceVersionDate "2005.01.01"]
[SourceQuality "1"]
[WhiteTeam "Muenchener SC 1836 e.V."]
[BlackTeam "SAbt SV Werder Bremen"]
[WhiteTeamCountry "GER"]
[BlackTeamCountry "GER"]

1. e4 c5 2. Nf3 Nc6 3. b4 cxb4 4. d4 d5 5. exd5 Qxd5 6. c4 bxc3 7. Nxc3 Qa5 8.
d5 Qxc3+ 9. Bd2 Qa3 10. dxc6 bxc6 11. Qc2 Bd7 12. Rb1 e5 13. Rb3 Qe7 14. Bc4 f6
15. O-O Nh6 16. Rfb1 Qd8 17. Bxh6 gxh6 18. Rd1 Qc7 19. Nh4 Bg4 20. Rdb1 Rd8 21.
h3 Bc8 22. Ng6 hxg6 23. Qxg6+ Ke7 24. Qf7+ 1-0

[Event "Bundesliga 9495"]
[Site "Deutschland"]
[Date "1995.??.??"]
[Round "?.1"]
[White "Chandler, Murray G"]
[Black "Hertneck, Gerald"]
[Result "1/2-1/2"]
[WhiteElo "2535"]
[BlackElo "2595"]
[PlyCount "103"]
[EventDate "1994.10.??"]
[EventType "team"]
[EventRounds "15"]
[EventCountry "GER"]
[SourceTitle "Bundesliga 9495"]
[Source "DeepChess"]
[SourceDate "2005.01.01"]
[SourceVersion "1"]
[SourceVersionDate "2005.01.01"]
[SourceQuality "1"]
[WhiteTeam "SG 1868 Aljech. Solingen"]
[BlackTeam "Muenchener SC 1836 e.V."]
[WhiteTeamCountry "GER"]
[BlackTeamCountry "GER"]

1. c4 e5 2. Nc3 Nf6 3. Nf3 Nc6 4. e3 Bb4 5. Qc2 O-O 6. Nd5 Re8 7. Bd3 g6 8. a3
Bf8 9. Nxf6+ Qxf6 10. Be4 d6 11. O-O Bg7 12. b4 Qe7 13. Bb2 Nd8 14. Rfc1 c6 15.
Ne1 f5 16. Bd3 Nf7 17. Bf1 Be6 18. Rd1 Rac8 19. Rac1 Red8 20. Qb1 d5 21. cxd5
Bxd5 22. Bc4 Bxc4 23. Rxc4 Rc7 24. Rcc1 Rcd7 25. d3 Rd5 26. h3 Qd6 27. Ba1 Bf8
28. Qb3 Qd7 29. Rb1 b6 30. Rdc1 Qe6 31. Qa4 c5 32. Qxa7 Qc6 33. bxc5 Rxc5 34.
Rxc5 Bxc5 35. Nf3 Qd7 36. Qxd7 Rxd7 37. d4 exd4 38. exd4 Bxa3 39. Rxb6 Bd6 40.
Ra6 h5 41. g3 Kh7 42. Kg2 Re7 43. d5 Rd7 44. Bd4 g5 45. h4 gxh4 46. gxh4 Be7
47. Re6 Bd8 48. Bf6 Rxd5 49. Ng5+ Nxg5 50. hxg5 Bxf6 51. Rxf6 f4 52. Rxf4
1/2-1/2

[Event "Bundesliga 9495"]
[Site "Deutschland"]
[Date "1995.??.??"]
[Round "?.2"]
[White "Stohl, Igor"]
[Black "Lau, Ralf"]
[Result "1/2-1/2"]
[WhiteElo "2530"]
[BlackElo "2490"]
[PlyCount "90"]
[EventDate "1994.10.??"]
[EventType "team"]
[EventRounds "15"]
[EventCountry "GER"]
[SourceTitle "Bundesliga 9495"]
[Source "DeepChess"]
[SourceDate "2005.01.01"]
[SourceVersion "1"]
[SourceVersionDate "2005.01.01"]
[SourceQuality "1"]
[WhiteTeam "Muenchener SC 1836 e.V."]
[BlackTeam "SG 1868 Aljech. Solingen"]
[WhiteTeamCountry "GER"]
[BlackTeamCountry "GER"]

1. c4 b6 2. Nc3 Bb7 3. d4 e6 4. a3 Nf6 5. d5 exd5 6. cxd5 g6 7. Bg5 Bg7 8. e4
O-O 9. Bd3 Re8 10. Nge2 h6 11. Bh4 g5 12. Bg3 c6 13. O-O Nh5 14. Bd6 cxd5 15.
exd5 Qf6 16. Nb5 a6 17. Nec3 axb5 18. Bxb8 b4 19. Ne4 Qd4 20. Bc7 bxa3 21. Nd6
Qxd5 22. Nxb7 Qxb7 23. Qxh5 Qxc7 24. Rxa3 Rxa3 25. bxa3 Qc5 26. Qf3 d5 27. g3
Re6 28. Bf5 Re5 29. Rd1 Bf8 30. a4 Qc4 31. Kg2 Bc5 32. Bb1 Kg7 33. Qd3 Qxd3 34.
Bxd3 Kf6 35. Rb1 Ke7 36. Rb5 Kd6 37. a5 bxa5 38. Rxa5 Re1 39. Rb5 Ra1 40. Rb7
f6 41. Rb2 Ke5 42. Re2+ Kd4 43. Bf5 Rd1 44. Bc2 Rc1 45. Bb3 Rc3 1/2-1/2

[Event "Bundesliga 9495"]
[Site "Deutschland"]
[Date "1995.??.??"]
[Round "?.4"]
[White "Sandor, Christian"]
[Black "Reeh, Oliver"]
[Result "1/2-1/2"]
[WhiteElo "2420"]
[BlackElo "2450"]
[PlyCount "59"]
[EventDate "1994.10.??"]
[EventType "team"]
[EventRounds "15"]
[EventCountry "GER"]
[SourceTitle "Bundesliga 9495"]
[Source "DeepChess"]
[SourceDate "2005.01.01"]
[SourceVersion "1"]
[SourceVersionDate "2005.01.01"]
[SourceQuality "1"]
[WhiteTeam "Muenchener SC 1836 e.V."]
[BlackTeam "SG 1868 Aljech. Solingen"]
[WhiteTeamCountry "GER"]
[BlackTeamCountry "GER"]

1. e4 d6 2. d4 g6 3. Nc3 Bg7 4. Bg5 c5 5. dxc5 Qa5 6. Qd2 Bxc3 7. bxc3 Qxc5 8.
Rb1 Nd7 9. Nf3 Ngf6 10. Bd3 b6 11. O-O Bb7 12. Rfe1 Qc7 13. Bf4 e5 14. Bg5 Ng8
15. Bb5 f6 16. Rbd1 Ke7 17. Be3 Rd8 18. Qd3 Nc5 19. Bxc5 Qxc5 20. Nd2 Nh6 21.
Bc4 Nf7 22. Nf1 Ng5 23. h4 Ne6 24. g3 Nc7 25. Ne3 Kf8 26. Kg2 Kg7 27. h5 Rhf8
28. f3 Bc8 29. Rh1 g5 30. g4 1/2-1/2

[Event "Bundesliga 9495"]
[Site "Deutschland"]
[Date "1995.??.??"]
[Round "?.5"]
[White "Schaefer, Markus"]
[Black "Reich, Thomas"]
[Result "1-0"]
[WhiteElo "2435"]
[BlackElo "2400"]
[PlyCount "83"]
[EventDate "1994.10.??"]
[EventType "team"]
[EventRounds "15"]
[EventCountry "GER"]
[SourceTitle "Bundesliga 9495"]
[Source "DeepChess"]
[SourceDate "2005.01.01"]
[SourceVersion "1"]
[SourceVersionDate "2005.01.01"]
[SourceQuality "1"]
[WhiteTeam "SG 1868 Aljech. Solingen"]
[BlackTeam "Muenchener SC 1836 e.V."]
[WhiteTeamCountry "GER"]
[BlackTeamCountry "GER"]

1. e4 c5 2. Nf3 Nc6 3. d4 cxd4 4. Nxd4 g6 5. Nc3 Bg7 6. Nxc6 bxc6 7. Bc4 e6 8.
Qd6 Qe7 9. Bf4 e5 10. Qxe7+ Nxe7 11. Be3 Bb7 12. O-O-O f5 13. f3 Nc8 14. Bf7+
Kd8 15. Be6 d6 16. Bxc8 Kxc8 17. Rxd6 Rd8 18. Rxd8+ Kxd8 19. Na4 Kc7 20. Rd1 f4
21. Bd2 Re8 22. Ba5+ Kc8 23. Nc5 Bf8 24. Nxb7 Kxb7 25. Rd7+ Ka6 26. Bc7 h5 27.
Bd6 Bxd6 28. Rxd6 Kb6 29. Rxg6 h4 30. h3 Kc5 31. Kd2 a5 32. Kc3 a4 33. a3 Re7
34. b3 axb3 35. cxb3 Re8 36. a4 Kb6 37. b4 Kb7 38. a5 Rd8 39. Rg5 Re8 40. Kc4
Re6 41. Kc5 Ka6 42. Rg7 1-0

[Event "Bundesliga 9495"]
[Site "Deutschland"]
[Date "1995.??.??"]
[Round "?.6"]
[White "Geisler, Fabian"]
[Black "Zysk, Robert"]
[Result "0-1"]
[WhiteElo "2310"]
[BlackElo "2450"]
[PlyCount "90"]
[EventDate "1994.10.??"]
[EventType "team"]
[EventRounds "15"]
[EventCountry "GER"]
[SourceTitle "Bundesliga 9495"]
[Source "DeepChess"]
[SourceDate "2005.01.01"]
[SourceVersion "1"]
[SourceVersionDate "2005.01.01"]
[SourceQuality "1"]
[WhiteTeam "Muenchener SC 1836 e.V."]
[BlackTeam "SG 1868 Aljech. Solingen"]
[WhiteTeamCountry "GER"]
[BlackTeamCountry "GER"]

1. e4 g6 2. d4 d6 3. Nc3 c6 4. Be3 Bg7 5. f3 Nd7 6. Qd2 Ngf6 7. g4 e5 8. g5 Nh5
9. Nge2 O-O 10. d5 Nb6 11. Ng3 Nf4 12. h4 h5 13. gxh6 Bxh6 14. h5 Qg5 15. Rg1
Nd3+ 16. Bxd3 Qxe3+ 17. Qxe3 Bxe3 18. Rg2 g5 19. Nd1 Bf4 20. Ne2 Kh7 21. Kf2
Kh6 22. Ndc3 Bh3 23. Nxf4 gxf4 24. Rgg1 Rg8 25. a4 Nd7 26. Bc4 Nb6 27. Bb3 Rxg1
28. Rxg1 cxd5 29. a5 Nc4 30. Nb5 a6 31. Bxc4 dxc4 32. Nxd6 Be6 33. Nxb7 Rb8 34.
Nc5 Rxb2 35. Rc1 Bc8 36. Na4 Rb5 37. Nb6 Be6 38. Ke2 Rxa5 39. Kd2 Ra3 40. c3
Ra2+ 41. Rc2 Rxc2+ 42. Kxc2 Kxh5 43. Na4 Kh4 44. Kd2 Kg3 45. Ke2 Kg2 0-1

[Event "Bundesliga 9495"]
[Site "Deutschland"]
[Date "1995.??.??"]
[Round "?.7"]
[White "Seul, Georg"]
[Black "Steinbacher, Matthias"]
[Result "1/2-1/2"]
[WhiteElo "2440"]
[BlackElo "2345"]
[PlyCount "81"]
[EventDate "1994.10.??"]
[EventType "team"]
[EventRounds "15"]
[EventCountry "GER"]
[SourceTitle "Bundesliga 9495"]
[Source "DeepChess"]
[SourceDate "2005.01.01"]
[SourceVersion "1"]
[SourceVersionDate "2005.01.01"]
[SourceQuality "1"]
[WhiteTeam "SG 1868 Aljech. Solingen"]
[BlackTeam "Muenchener SC 1836 e.V."]
[WhiteTeamCountry "GER"]
[BlackTeamCountry "GER"]

1. d4 Nf6 2. Nf3 b6 3. Bg5 Bb7 4. e3 e6 5. Bd3 Be7 6. O-O O-O 7. c4 c5 8. Nc3
cxd4 9. exd4 d5 10. Re1 dxc4 11. Bxc4 Nc6 12. a3 Nd5 13. Bxd5 Bxg5 14. Be4 Bf6
15. Qa4 Na5 16. Bxb7 Nxb7 17. Rad1 Qe8 18. Qb3 Qc6 19. Ne4 Rac8 20. Nxf6+ gxf6
21. d5 Qc2 22. Qb4 Nc5 23. dxe6 Nxe6 24. Rd7 Rc7 25. Rxc7 Qxc7 26. Qh4 Qf4 27.
Qxf4 Nxf4 28. g3 Ne6 29. Rd1 Rc8 30. Rd7 Rc2 31. Rxa7 Rxb2 32. Nh4 Rb5 33. Kg2
Ra5 34. Rb7 Nd4 35. Rxb6 Rxa3 36. Rd6 Ne6 37. Nf5 Ra5 38. g4 h5 39. h3 hxg4 40.
hxg4 Kh7 41. Rd1 1/2-1/2

[Event "Bundesliga 9495"]
[Site "Deutschland"]
[Date "1995.??.??"]
[Round "?.8"]
[White "Kraenzle, Harald"]
[Black "Schmidt, Bodo"]
[Result "0-1"]
[WhiteElo "2215"]
[BlackElo "2365"]
[PlyCount "96"]
[EventDate "1994.10.??"]
[EventType "team"]
[EventRounds "15"]
[EventCountry "GER"]
[SourceTitle "Bundesliga 9495"]
[Source "DeepChess"]
[SourceDate "2005.01.01"]
[SourceVersion "1"]
[SourceVersionDate "2005.01.01"]
[SourceQuality "1"]
[WhiteTeam "Muenchener SC 1836 e.V."]
[BlackTeam "SG 1868 Aljech. Solingen"]
[WhiteTeamCountry "GER"]
[BlackTeamCountry "GER"]

1. e4 e6 2. d3 c5 3. Nf3 Nc6 4. g3 d6 5. Bg2 g6 6. O-O Bg7 7. Nbd2 Nge7 8. Re1
O-O 9. Nf1 b5 10. h4 h6 11. e5 dxe5 12. Nxe5 Bb7 13. Nxc6 Bxc6 14. Bxc6 Nxc6
15. Nd2 Qd5 16. Ne4 f5 17. Nc3 Bxc3 18. bxc3 Kh7 19. Qe2 e5 20. Rb1 b4 21. c4
Qd6 22. Bb2 Rae8 23. Rbd1 Nd4 24. Bxd4 Qxd4 25. Qf3 Kg7 26. h5 gxh5 27. Qxh5
Re6 28. Re3 Rg6 29. Rde1 Rg5 30. Qh2 f4 31. Rf3 Rff5 32. Kf1 Rh5 33. Qg2 Rfg5
34. Ke2 e4 35. dxe4 Qxc4+ 36. Kd2 Qxa2 37. Rd3 Qe6 38. Qf3 fxg3 39. fxg3 Rh2+
40. Re2 Rxe2+ 41. Kxe2 a5 42. Rd8 Qg4 43. Ra8 Qxf3+ 44. Kxf3 c4 45. Kf4 Rb5 46.
e5 b3 47. cxb3 cxb3 48. Kf5 Rb7 0-1

[Event "Bundesliga 9495"]
[Site "Deutschland"]
[Date "1994.??.??"]
[Round "?.1"]
[White "Hertneck, Gerald"]
[Black "Dokhoian, Yury"]
[Result "0-1"]
[WhiteElo "2605"]
[BlackElo "2580"]
[PlyCount "132"]
[EventDate "1994.10.??"]
[EventType "team"]
[EventRounds "15"]
[EventCountry "GER"]
[SourceTitle "Bundesliga 9495"]
[Source "DeepChess"]
[SourceDate "2005.01.01"]
[SourceVersion "1"]
[SourceVersionDate "2005.01.01"]
[SourceQuality "1"]
[WhiteTeam "Muenchener SC 1836 e.V."]
[BlackTeam "SG Bochum 31"]
[WhiteTeamCountry "GER"]
[BlackTeamCountry "GER"]

1. d4 Nf6 2. Bg5 e6 3. Nd2 h6 4. Bh4 c5 5. e3 Be7 6. Bd3 b6 7. Ngf3 Bb7 8. c3
cxd4 9. cxd4 Ba6 10. Bxa6 Nxa6 11. O-O O-O 12. Ne5 Nd5 13. Bg3 Nab4 14. e4 Nf6
15. a3 Nc6 16. Nxc6 dxc6 17. e5 Nd5 18. Rc1 c5 19. dxc5 Bxc5 20. Ne4 Be7 21.
Qa4 Qe8 22. Qa6 Rc8 23. Rxc8 Qxc8 24. Qxa7 Qc2 25. Nd6 Qxb2 26. a4 Qc3 27. h3
Qc6 28. Qa6 Ra8 29. Qb5 Qxb5 30. axb5 Kf8 31. Ne4 Ke8 32. f3 Kd7 33. Bf2 Ra5
34. Rd1 Kc7 35. Rc1+ Kb7 36. Rb1 Ra4 37. Be1 Bc5+ 38. Bf2 Be7 39. Be1 Rc4 40.
Kh2 Rc2 41. Rb3 Bc5 42. Bd2 Ra2 43. h4 h5 44. Kh3 Kc7 45. f4 Ra4 46. Ng5 Rd4
47. Rb2 Nxf4+ 48. Bxf4 Rxf4 49. Ra2 Kb8 50. Rd2 Kc8 51. Rc2 Rf1 52. Ne4 Kc7 53.
g3 Rf5 54. Nd6 Rxe5 55. Nxf7 Re3 56. Ng5 Kd7 57. Rc4 Rb3 58. Ra4 Ra3 59. Rxa3
Bxa3 60. g4 hxg4+ 61. Kxg4 Kd6 62. Kh5 Bc1 63. Nf7+ Kd5 64. Kg6 e5 65. Kxg7 e4
66. h5 e3 0-1

[Event "Bundesliga 9495"]
[Site "Deutschland"]
[Date "1994.??.??"]
[Round "?.2"]
[White "Glek, Igor V"]
[Black "Hodgson, Julian M"]
[Result "1/2-1/2"]
[WhiteElo "2615"]
[BlackElo "2590"]
[PlyCount "101"]
[EventDate "1994.10.??"]
[EventType "team"]
[EventRounds "15"]
[EventCountry "GER"]
[SourceTitle "Bundesliga 9495"]
[Source "DeepChess"]
[SourceDate "2005.01.01"]
[SourceVersion "1"]
[SourceVersionDate "2005.01.01"]
[SourceQuality "1"]
[WhiteTeam "SG Bochum 31"]
[BlackTeam "Muenchener SC 1836 e.V."]
[WhiteTeamCountry "GER"]
[BlackTeamCountry "GER"]

1. e4 c5 2. Nf3 d6 3. d4 cxd4 4. Nxd4 Nf6 5. Nc3 g6 6. Be3 Bg7 7. f3 O-O 8. Qd2
Nc6 9. Bc4 Bd7 10. h4 Qa5 11. O-O-O Ne5 12. Bb3 Rfc8 13. h5 Nxh5 14. Nd5 Qxd2+
15. Rxd2 Kf8 16. g4 Nf6 17. Nxf6 Bxf6 18. Rxh7 Kg8 19. Rh1 a5 20. a3 a4 21. Ba2
b5 22. Kb1 b4 23. g5 Bg7 24. axb4 a3 25. b3 Rab8 26. c4 Rxb4 27. Kc1 e6 28. Nc2
Rb7 29. f4 Ng4 30. Rxd6 Bc6 31. Re1 Bb2+ 32. Kb1 Bc3 33. Re2 e5 34. Bc1 exf4
35. Bxf4 Ba4 36. Nxa3 Bxb3 37. Bxb3 Rxb3+ 38. Ka2 Rb7 39. Rd3 Be5 40. Bc1 Bg7
41. Bb2 Bxb2 42. Rxb2 Rxb2+ 43. Kxb2 Nf2 44. Rd4 Re8 45. Nb5 Nxe4 46. Rd5 Rc8
47. Kb3 Rc5 48. Rxc5 Nxc5+ 49. Kb4 Ne6 50. c5 Kf8 51. Kc4 1/2-1/2

[Event "Bundesliga 9495"]
[Site "Deutschland"]
[Date "1994.??.??"]
[Round "?.3"]
[White "Stohl, Igor"]
[Black "Keitlinghaus, Ludger"]
[Result "1/2-1/2"]
[WhiteElo "2560"]
[BlackElo "2500"]
[PlyCount "63"]
[EventDate "1994.10.??"]
[EventType "team"]
[EventRounds "15"]
[EventCountry "GER"]
[SourceTitle "Bundesliga 9495"]
[Source "DeepChess"]
[SourceDate "2005.01.01"]
[SourceVersion "1"]
[SourceVersionDate "2005.01.01"]
[SourceQuality "1"]
[WhiteTeam "Muenchener SC 1836 e.V."]
[BlackTeam "SG Bochum 31"]
[WhiteTeamCountry "GER"]
[BlackTeamCountry "GER"]

1. c4 Nf6 2. Nc3 e5 3. Nf3 Nc6 4. e3 Bb4 5. Qc2 Bxc3 6. Qxc3 Qe7 7. Be2 d5 8.
d4 exd4 9. Nxd4 Nxd4 10. Qxd4 c5 11. Qh4 dxc4 12. Qxc4 O-O 13. O-O Qe5 14. Rd1
Be6 15. Qc2 Rad8 16. Bd2 b6 17. Bc3 Qg5 18. Qa4 a5 19. Rxd8 Rxd8 20. Rd1 Rxd1+
21. Qxd1 Bd5 22. Bf1 h6 23. a3 Ne4 24. Be1 Nd6 25. Qd3 Qe5 26. Qc3 Qe6 27. Be2
a4 28. f4 Bc4 29. Bd1 Bb3 30. Be2 Bc4 31. Bd1 Bb3 32. Be2 1/2-1/2

[Event "Bundesliga 9495"]
[Site "Deutschland"]
[Date "1994.??.??"]
[Round "?.5"]
[White "Pezerovic, Edin"]
[Black "Jackelen, Thomas"]
[Result "1/2-1/2"]
[WhiteElo "2400"]
[BlackElo "2415"]
[PlyCount "103"]
[EventDate "1994.10.??"]
[EventType "team"]
[EventRounds "15"]
[EventCountry "GER"]
[SourceTitle "Bundesliga 9495"]
[Source "DeepChess"]
[SourceDate "2005.01.01"]
[SourceVersion "1"]
[SourceVersionDate "2005.01.01"]
[SourceQuality "1"]
[WhiteTeam "Muenchener SC 1836 e.V."]
[BlackTeam "SG Bochum 31"]
[WhiteTeamCountry "GER"]
[BlackTeamCountry "GER"]

1. Nf3 Nf6 2. d4 d5 3. Bf4 c5 4. c3 Qb6 5. Qb3 Nc6 6. Nbd2 cxd4 7. Qxb6 axb6 8.
Nxd4 Nxd4 9. cxd4 e6 10. e3 Bb4 11. f3 Bd7 12. Bd3 Ke7 13. Ke2 Rhc8 14. a3 Bd6
15. Bxd6+ Kxd6 16. g4 Ke7 17. g5 Ne8 18. e4 Nd6 19. Rhc1 Bb5 20. Ke3 Bxd3 21.
Kxd3 Kd7 22. e5 Nf5 23. Rxc8 Rxc8 24. b3 Rh8 25. Rg1 g6 26. Rg2 h6 27. gxh6
Rxh6 28. b4 b5 29. Nb3 b6 30. Nc1 Rh8 31. Ne2 Ra8 32. Nc3 Rxa3 33. Rb2 Kc6 34.
f4 Kb7 35. Rb1 Kc6 36. Rc1 Rb3 37. Rb1 Rxb1 38. Nxb1 Nh4 39. Nc3 Ng2 40. Ne2
Kd7 41. Kd2 Nh4 42. Kd3 Nf3 43. h3 Nh4 44. Kd2 Nf5 45. Kc3 Ne7 46. Ng3 Ke8 47.
Nf1 Nf5 48. Kd3 Kf8 49. Ne3 Ne7 50. Ke2 Kg7 51. Kf3 Nc6 52. Nc2 1/2-1/2

[Event "Bundesliga 9495"]
[Site "Deutschland"]
[Date "1994.??.??"]
[Round "?.6"]
[White "Luecke, Norbert"]
[Black "Sandor, Christian"]
[Result "0-1"]
[WhiteElo "2410"]
[BlackElo "2365"]
[PlyCount "62"]
[EventDate "1994.10.??"]
[EventType "team"]
[EventRounds "15"]
[EventCountry "GER"]
[SourceTitle "Bundesliga 9495"]
[Source "DeepChess"]
[SourceDate "2005.01.01"]
[SourceVersion "1"]
[SourceVersionDate "2005.01.01"]
[SourceQuality "1"]
[WhiteTeam "SG Bochum 31"]
[BlackTeam "Muenchener SC 1836 e.V."]
[WhiteTeamCountry "GER"]
[BlackTeamCountry "GER"]

1. e4 c5 2. Nf3 g6 3. d4 cxd4 4. Nxd4 Nc6 5. Nc3 Bg7 6. Be3 Nf6 7. Nxc6 bxc6 8.
e5 Nd5 9. Nxd5 cxd5 10. Qxd5 Rb8 11. Bxa7 Rxb2 12. Bd4 Rxc2 13. Bd3 e6 14. Qa8
Rc6 15. Qa4 Qh4 16. g3 Qg4 17. f4 Qf3 18. Kd2 O-O 19. Rhe1 Qh5 20. Be4 Qxh2+
21. Re2 Qxg3 22. Be3 Ra6 23. Qb3 Qh4 24. Rh1 Qd8 25. Reh2 h5 26. Rg2 d5 27. Bd3
d4 28. Bg1 Qa5+ 29. Kd1 Rb6 30. Qc2 Bb7 31. Bxg6 Bf3+ 0-1

[Event "Bundesliga 9495"]
[Site "Deutschland"]
[Date "1994.??.??"]
[Round "?.7"]
[White "Reich, Thomas"]
[Black "Sonntag, Hans Hubert"]
[Result "0-1"]
[WhiteElo "2390"]
[BlackElo "2430"]
[PlyCount "102"]
[EventDate "1994.10.??"]
[EventType "team"]
[EventRounds "15"]
[EventCountry "GER"]
[SourceTitle "Bundesliga 9495"]
[Source "DeepChess"]
[SourceDate "2005.01.01"]
[SourceVersion "1"]
[SourceVersionDate "2005.01.01"]
[SourceQuality "1"]
[WhiteTeam "Muenchener SC 1836 e.V."]
[BlackTeam "SG Bochum 31"]
[WhiteTeamCountry "GER"]
[BlackTeamCountry "GER"]

1. e4 e5 2. Nf3 Nc6 3. Bc4 Bc5 4. c3 Nf6 5. d4 exd4 6. cxd4 Bb4+ 7. Bd2 Bxd2+
8. Nbxd2 d5 9. exd5 Nxd5 10. Qb3 Nce7 11. O-O O-O 12. Rfe1 c6 13. Ne4 h6 14.
Nc3 Nb6 15. h3 Nxc4 16. Qxc4 Be6 17. Qc5 Nd5 18. Nxd5 Bxd5 19. Re3 Qb6 20. Qxb6
axb6 21. Re7 Rab8 22. Ne5 Rfe8 23. Rc7 Rec8 24. Rxc8+ Rxc8 25. Nd7 b5 26. Nc5
b6 27. Nd3 Kf8 28. Nb4 Ke7 29. Nxd5+ cxd5 30. Re1+ Kd6 31. Re3 Rc1+ 32. Kh2 Rd1
33. Rb3 Rxd4 34. Rxb5 Kc6 35. Rb3 b5 36. Kg3 Rd2 37. Rc3+ Kd6 38. Rb3 Kc5 39.
Rc3+ Kd4 40. Rc7 Rxb2 41. Rxf7 Rxa2 42. Rxg7 b4 43. Rb7 Ra3+ 44. Kf4 b3 45. g4
Kc3 46. Rc7+ Kd3 47. Rb7 Ra4+ 48. Ke5 Kc3 49. Kxd5 Rb4 50. Rc7+ Kd2 51. Rd7 Ke2
0-1

[Event "Bundesliga 9495"]
[Site "Deutschland"]
[Date "1994.??.??"]
[Round "?.8"]
[White "Kassebaum, Roman"]
[Black "Steinbacher, Matthias"]
[Result "1/2-1/2"]
[WhiteElo "2335"]
[BlackElo "2380"]
[PlyCount "53"]
[EventDate "1994.10.??"]
[EventType "team"]
[EventRounds "15"]
[EventCountry "GER"]
[SourceTitle "Bundesliga 9495"]
[Source "DeepChess"]
[SourceDate "2005.01.01"]
[SourceVersion "1"]
[SourceVersionDate "2005.01.01"]
[SourceQuality "1"]
[WhiteTeam "SG Bochum 31"]
[BlackTeam "Muenchener SC 1836 e.V."]
[WhiteTeamCountry "GER"]
[BlackTeamCountry "GER"]

1. e4 c5 2. Nc3 Nc6 3. Nge2 Nf6 4. g3 g6 5. d4 cxd4 6. Nxd4 Bg7 7. Nde2 b5 8.
Bg2 b4 9. Nd5 Ba6 10. O-O Nxd5 11. exd5 Bxe2 12. Qxe2 Nd4 13. Qd1 Rc8 14. Bf4
O-O 15. Rc1 Qa5 16. Re1 Rfe8 17. Be5 Qc5 18. Bxg7 Kxg7 19. c3 bxc3 20. Rxc3 Qb6
21. Rd3 Nf5 22. Rb3 Qc5 23. Bh3 e6 24. Bxf5 exf5 25. Rc3 Qb4 26. Rxe8 Rxe8 27.
Qd2 1/2-1/2

[Event "Bundesliga 9495"]
[Site "Deutschland"]
[Date "1995.??.??"]
[Round "?.1"]
[White "Lutz, Christopher"]
[Black "Hertneck, Gerald"]
[Result "1/2-1/2"]
[WhiteElo "2560"]
[BlackElo "2595"]
[PlyCount "53"]
[EventDate "1994.10.??"]
[EventType "team"]
[EventRounds "15"]
[EventCountry "GER"]
[SourceTitle "Bundesliga 9495"]
[Source "DeepChess"]
[SourceDate "2005.01.01"]
[SourceVersion "1"]
[SourceVersionDate "2005.01.01"]
[SourceQuality "1"]
[WhiteTeam "SG Porz e.V."]
[BlackTeam "Muenchener SC 1836 e.V."]
[WhiteTeamCountry "GER"]
[BlackTeamCountry "GER"]

1. d4 Nf6 2. Nf3 d5 3. c4 c6 4. Nc3 dxc4 5. a4 Bf5 6. Nh4 e6 7. Nxf5 exf5 8. e3
Bd6 9. Qf3 g6 10. h3 h5 11. Bxc4 Nbd7 12. O-O O-O 13. e4 fxe4 14. Nxe4 Nxe4 15.
Qxe4 Qf6 16. Re1 Nb6 17. Bb3 Bb4 18. Re3 Nd5 19. Bxd5 cxd5 20. Qxd5 Rad8 21.
Rf3 Rxd5 22. Rxf6 Rfd8 23. Be3 Bf8 24. Rc1 Bg7 25. Rf3 Bxd4 26. Bxd4 Rxd4 27.
Rc7 1/2-1/2